The theory of potential and spherical harmonics /

Guardado en:
Autor Principal: Sternberg, Wolfgang J.
Otros Autores: Smith, Turner L.
Formato: Libro
Idioma:English
Publicado: Toronto : The University of Toronto Press, 1952.
Edición:2nd ed.
Series:Mathematical expositions ; no. 3
Etiquetas: Agregar Etiqueta
Sin Etiquetas, Sea el primero en etiquetar este registro!
LEADER 00614nam a22001815a 4500
001 MAT.inmabb000402
008 031125s1952####xxc###########001#0#eng#d
005 20160323163916.0
245 1 4 |a The theory of potential and spherical harmonics /  |c by Wolfgang J. Sternberg and Turner L. Smith. 
250 |a 2nd ed. 
260 |a Toronto :  |b The University of Toronto Press,  |c 1952. 
300 |a xii, 312 p. ;  |c cm. 
440 0 |a Mathematical expositions ;  |v no. 3 
510 4 |a MR,  |c 6,175d 
100 1 |a Sternberg, Wolfgang J. 
700 1 |a Smith, Turner L. 
084 |a 31 (33C55)  |2 msc2000 
859 |h 31  |i St839-2  |p A-143  |b BIB. MATEMATICA